MDQL
is popping MORE tags! Check the
thread
!
Quizzes
Events
Quiz Creation
Community
Videos
Private Events
Remove Ads
Sign In
Join for FREE
Feedback
Dark Mode
Quiz Categories
Sports
Geography
Music
Movies
Television
Just For Fun
Miscellaneous
History
Literature
Language
Science
Gaming
Entertainment
Religion
Holiday
For Kids
Quiz Lab
Recent
Popular Today
Quiz Kudos Today
Editor Picks
Curator Picks
Quizzes by...
Day
Popularity
Type
Ratings
Length
Year
Community
Subscriptions
Recent Discussions
Orange Saloon
Badges
Playlists
Quests
Create
Leaderboards
Showdown
Live 5
Trivia Bingo
Activity
Puzzle Library
Sporcle Events
Private Events
Virtual Trivia
Globe League
Become a Host
Pub Owners
SporcleCon
Opinionation
Our Games
Videos
Blog
Mobile Apps
Partnerships
Remove Ads and Go Orange
Feedback
Music
Pop Music
The Beatles
Song
Album
Lyrics
Bands
Singers
Artist
Clip
Rock
Rap
Classical
Billboard
Country Music
Kpop
Taylor Swift
Music
Pop Music
The Beatles
Song
Album
Lyrics
Bands
Singers
Artist
Clip
Rock
Rap
Classical
Billboard
Country Music
Kpop
Taylor Swift
Random Quiz
Search Sporcle
×
Quiz Lab
Quiz Lab
Music
Walk
Type in answers that appear in a list
Type in answers that appear in a list
Classic
Best Score? Go Orange.
Quesadilla Lyrics Stats
Can you name the Quesadilla Lyrics by Walk the Moon?
By
donnanoble
10m
132 Questions
163 Plays
163 Plays
163 Plays
Comments
Comments
Give Quiz Kudos
Give Quiz Kudos
-
- Ratings
hide this ad
Replay
Link that replays current quiz
Next Quiz
Link to next quiz in quiz playlist
You Got
0%
They Got
Avg Score
84%
Avg Friend Score
Upgrade to see
Score Distribution
Jump to the score distribution portion of the page
Score
0/132
Timer
10:00
0
Plays Today
Answer
% Correct
a
97.5%
And
97.5%
And
97.5%
the
97.5%
And
97.5%
And
97.5%
And
97.5%
you,
94.5%
you,
94.5%
you
94.5%
you,
94.5%
out
92.6%
My
92.6%
out
92.6%
out
92.6%
my
92.6%
my
92.6%
my
92.6%
out
92.6%
my
92.6%
out
92.6%
my
92.6%
out
92.6%
of
92%
I
91.4%
I
91.4%
I
91.4%
I
91.4%
do
91.4%
I
91.4%
in
91.4%
in
91.4%
in
91.4%
I
91.4%
I
91.4%
I
91.4%
do
91.4%
want
90.8%
want
90.8%
want
90.8%
want
90.8%
your
90.2%
Your
90.2%
Your
90.2%
Answer
% Correct
your
90.2%
your
90.2%
your
90.2%
still
89.6%
still
89.6%
must
89%
plane
89%
long
89%
hair
89%
come
89%
down
89%
long
89%
hair
89%
come
89%
down
89%
long
89%
hair
89%
come
89%
down
89%
long
89%
hair
89%
come
89%
down
89%
free
87.7%
It
87.7%
head
87.7%
It
87.7%
head
87.7%
it
87.7%
head
87.7%
It
87.7%
head
87.7%
have
87.1%
all
87.1%
inside
87.1%
inside
87.1%
inside
87.1%
inside
87.1%
fell
86.5%
tumbled
84%
cause
84%
year
84%
we
83.4%
like
81%
Answer
% Correct
is
79.8%
seen
78.5%
seen
78.5%
seen
78.5%
seen
78.5%
but
77.9%
But
77.9%
turned
77.9%
But
77.9%
turned
77.9%
turned
77.9%
turned
77.9%
blooming
77.3%
now
77.3%
were
77.3%
were
77.3%
spring
76.7%
blanket
76.7%
here
76.1%
I've
76.1%
our
76.1%
our
76.1%
I've
76.1%
I've
76.1%
I've
76.1%
hands
74.2%
over
74.2%
picnic
74.2%
I'm
72.4%
nowhere
72.4%
sand
72.4%
sheets
72.4%
wrestling
71.8%
blue
70.6%
jeans
69.9%
feet
68.7%
When
68.7%
bound
68.1%
naked
68.1%
wrists
63.2%
chute
60.1%
around
58.9%
Water
55.2%
washed
38%
Quiz Playlist
Details
Report
Send in Message
Add To Playlist
Classic:
Type in answers that appear in a list
Last Updated: Feb 16, 2017
Quiz Scoreboard
CHALLENGE
Sign Up to Join the Scoreboard
Show All
Scores
Hide
Comments
May contain spoilers
Recently Published
Image Sorting: Flags VI
by Barbecue
Geography
2m
Find the 'City' Movie
by crazypaving
Movies
60s
Colored Red Africa Blitz
by spor1
Geography
45s
More to Explore
Quiz From the Vault
Featured Blog Post
14 Easter Pick-up Lines to Find Eggs With
hide this ad
You Might Also Like...
Tags
Moon
Walk
Today's Top Quizzes in Music
Browse Music
hide this ad
Today's Top Quizzes in Walk
Browse Walk
Top Contributed Quizzes in Music
1
5X2 Blitz: Bands II
2
5X2 Blitz: The Beatles
3
Taylor Swift All Songs (2024)
4
5X2 Blitz: Billboard
5
5X2 Blitz: Billboard II
6
5X2 Blitz: Album
7
5X2 Blitz: Rock
8
5X2 Blitz: Singers
9
Taylor Swift Logic Puzzle II
10
5X2 Blitz: Lyrics
Explore More
Trending Topics
Anime
NBA
Kpop
Marvel
Crossword
Disney
Harry Potter
Pokémon
NFL
WWE
The Office
Song
Puzzle
Country
Soccer
hide this ad
More By:
donnanoble
Quiz
Plays
Rating
Category
Featured
Created
'Electric Love' Lyrics
548
4.00
Music
May 26, 2016
Jenny Lyrics
239
5.00
Music
Aug 9, 2014
GREEN DAY NAME THOSE LYRICS II
238
5.00
Music
Jul 4, 2013
GREEN DAY NAME THOSE LYRICS I
211
5.00
Music
Jun 19, 2013
Quesadilla Lyrics
163
3.00
Music
Aug 6, 2014
Go to Creator's Profile
Score Distribution
Quiz Creator Spotlight
donnanoble
Follow
Send a Message
Quizzes Created
-
Created Quiz Play Count
-
More By This Creator
Popular Quizzes Today
1
Colored Red Africa Blitz
2
Find the US States - No Outlines Minefield
3
Find the 'City' Movie
4
5x2 Blitz: Bands
5
The Countries of the World
6
Find the US States
7
Find the Countries of Europe - No Outlines Minefield
8
US States
More Music Quizzes
According to Beatles Songs
Published
Trending Quizzes
Colored Red Europe Blitz I
Colored Red Europe Blitz II
Colored Red Africa Blitz II
Colored Red Europe Blitz III
Colored Red Africa Blitz III
Recently Updated
How Do You Spell That?
pecheneg
Godzilla Movies
pecheneg
Grab Bag: 4-10 Letters
pecheneg
2024 March Madness Bracket
pecheneg
Famous TV Couples
Peacemaker
Champions League XIs: Real Madrid
pecheneg
Largest US Cities 1790-2010
pecheneg
Rides in Walt Disney World
pecheneg
Most Oscar Losses (Acting)
pecheneg
Beyoncé Albums
pecheneg
Trending Topics
Harry Potter
Anime
Marvel
Crossword
Disney
NBA
Kpop
Soccer
Country
Puzzle
WWE
Song
The Office
Pokémon
NFL
Your Account Isn't Verified!
In order to create a playlist on Sporcle, you need to verify the email address you used during registration. Go to your
Sporcle Settings
to finish the process.
Report this User
Report this user for behavior that violates our
Community Guidelines
.
Details:
Send Report
Go to the Sporcle.com Mobile Site →
Comments